• 首页
  • 本馆介绍
  • 公告通知
  • 最新文献
  • 馆藏检索
  • 电子资源
  • 读者导购
  • 参考咨询
  • 我的图书馆
  • 登录
  • 详细信息显示
  • 放入我的书架
  • 预约/预借图书
  • 作者相关作品
  • 分类相关作品
  • 丛书相关作品
  • 出版社相关作品

书目信息

  • 表格格式
  • 工作单格式
  • 卡片格式
题名:
北京通史
    
 
作者: 曹子西 主编
分册: 1  
出版信息: 北京   北京燕山出版社  2012.07
页数: 342页
开本: 21cm
丛书名:
单 册:
中图分类: K291 , K2
科图分类:
主题词: 地方史 , 中国--历史
电子资源:
ISBN: 978-7-5402-2740-1
000 00826nam0 2200265 450
001 2631309155
005 20260413084506.91
010    @a978-7-5402-2740-1@dCNY68.00,CNY680.00(全10册)
100    @a20121122d2012 em y0chiy50 ea
101 0  @achi
102    @aCN@b110000
105    @aabfkz 000yy
200 1  @a北京通史@9bei jing tong shi@h1@f曹子西主编@g曹子西[等]撰著
210    @a北京@c北京燕山出版社@d2012.07
215    @a342页@c图,地图,照片@d21cm
330    @a本书主要内容包括:远古时期的北京;夏商时期的北京;西周春秋时期的燕蓟古城;战国时期燕都蓟城的兴盛与衰落等。
606 0  @a地方史
606 0  @a中国@x历史
607    @a北京@x地方史
607    @a北京
690    @aK291@v5
690    @aK2@v4
701  0 @a曹子西@9cao zi xi@4主编
801  0 @aCN@bRENTIAN@c20121122
905    @b549514-16@dK2@eZW1080:6@f3
    
    北京通史.1/曹子西主编/曹子西[等]撰著.-北京:北京燕山出版社,2012.07
    342页:图,地图,照片;21cm
    
    
    ISBN 978-7-5402-2740-1:CNY68.00,CNY680.00(全10册)
    本书主要内容包括:远古时期的北京;夏商时期的北京;西周春秋时期的燕蓟古城;战国时期燕都蓟城的兴盛与衰落等。
●
相关链接 在E读中查询图书 在五车中查询图书 在当当中查询图书 在豆瓣中查询图书


正题名:北京通史     索取号:K2/ZW1080:6         预约/预借

序号 登录号 条形码 馆藏地/架位号 状态 备注
1 7510875   275108759   密集书库-文学院/ [索取号:K2/ZW1080:6] 在馆    
唐山师范学院图书馆 欢迎您!
大连网信软件有限公司© 版权所有